ՀՀ Գիտությունների ազգային ակադեմիայի հիմնարար գիտական գրադարան  =   Fundamental Scientific Library of NAS RA

Լենինը և երեխաները : (Record no. 146958)

MARC details
000 -LEADER
fixed length control field 00917nam a2200217 a 4500
001 - CONTROL NUMBER
control field 000386015
003 - CONTROL NUMBER IDENTIFIER
control field AM-YeHGA
005 - DATE AND TIME OF LATEST TRANSACTION
control field 20250618072326.0
008 - FIXED-LENGTH DATA ELEMENTS--GENERAL INFORMATION
fixed length control field 041122s1984 ai |||||r|||||||||0|arm|d
040 ## - CATALOGING SOURCE
Original cataloging agency AM-YeHGA
041 1# - LANGUAGE CODE
Language code of text/sound track or separate title arm
Language code of original rus
090 ## - LOCALLY ASSIGNED LC-TYPE CALL NUMBER (OCLC); LOCAL CALL NUMBER (RLIN)
-- 148345
245 10 - TITLE STATEMENT
Title Լենինը և երեխաները :
Remainder of title [Պատմվածքներ] /
Statement of responsibility, etc. Վ.Դ. Բոնչ-Բրուևիչ ; Թարգմ.՝ Շ. Գրիգորյան ; Նկ.՝ Պ. Մալայան.
260 ## - PUBLICATION, DISTRIBUTION, ETC.
Place of publication, distribution, etc. Երևան :
Name of publisher, distributor, etc. Սովետական գրող,
Date of publication, distribution, etc. 1984.
300 ## - PHYSICAL DESCRIPTION
Extent 12 էջ :
Other physical details գունանկ. ;
Dimensions 29 սմ.
600 10 - SUBJECT ADDED ENTRY--PERSONAL NAME
Personal name Լենին, Վլադիմիր Իլյիչ,
Dates associated with a name 1870-1924
9 (RLIN) 5803
650 14 - SUBJECT ADDED ENTRY--TOPICAL TERM
Topical term or geographic name entry element Ռուս մանկական գրականություն
General subdivision Պատմվածք
700 1# - ADDED ENTRY--PERSONAL NAME
Personal name Գրիգորյան, Շավարշ Ավագի
Relator term թարգմ.
Relationship trl
700 1# - ADDED ENTRY--PERSONAL NAME
Personal name Մալայան, Պետրոս Հովհաննեսի,
Dates associated with a name 1927-1995
Relator term նկ.
Relationship art
9 (RLIN) 2677
942 ## - ADDED ENTRY ELEMENTS (KOHA)
Source of classification or shelving scheme Universal Decimal Classification
Koha item type Գրքեր / Books
Holdings
Withdrawn status Lost status Damaged status Not for loan Collection Home library Current library Date acquired Total checkouts Full call number Barcode Date last seen Price effective from Koha item type Public note
        General Fundamental Scientific Library Fundamental Scientific Library 22/12/2016   AIII/5636 FL0075993 22/12/2016 22/12/2016 Գրքեր / Books 30 Days Loan


ՀՀ ԳԱԱ հիմնարար գիտական գրադարան
ՀՀ,Երևան 0019
Մարշալ Բաղրամյան 24/6
հեռախոս:(374-10) 52-47-50
Հետադարձ կապ

All site content, except where otherwise noted, is licensed under a
Creative Commons License